<?xml version="1.0" encoding="UTF-8"?>
<record
    xmlns:xsi="http://www.w3.org/2001/XMLSchema-instance"
    xsi:schemaLocation="http://www.loc.gov/MARC21/slim http://www.loc.gov/standards/marcxml/schema/MARC21slim.xsd"
    xmlns="http://www.loc.gov/MARC21/slim">

  <leader>00732nam a2200217 i 4500</leader>
  <controlfield tag="001">89810</controlfield>
  <controlfield tag="003">ES-MaACL</controlfield>
  <controlfield tag="005">20250809063508.0</controlfield>
  <controlfield tag="007">t|</controlfield>
  <controlfield tag="008">050113s1968    sp           ||||1| spa d</controlfield>
  <datafield tag="100" ind1="1" ind2=" ">
    <subfield code="a">Laurentin, Ren&#xE9;, </subfield>
    <subfield code="d">1917-2017</subfield>
    <subfield code="9">70642</subfield>
  </datafield>
  <datafield tag="245" ind1="1" ind2="3">
    <subfield code="a">La apuesta del S&#xED;nodo, los cauces del Concilio / </subfield>
    <subfield code="c">Ren&#xE9; Laurentin ; versi&#xF3;n, Cecilio S&#xE1;nchez Gil.</subfield>
  </datafield>
  <datafield tag="260" ind1=" " ind2=" ">
    <subfield code="a">[Madrid] : </subfield>
    <subfield code="b">Taurus, </subfield>
    <subfield code="c">[1968]</subfield>
  </datafield>
  <datafield tag="300" ind1=" " ind2=" ">
    <subfield code="a">395 p. ; </subfield>
    <subfield code="c">18 cm.</subfield>
  </datafield>
  <datafield tag="490" ind1="1" ind2=" ">
    <subfield code="a">El Futuro de la Verdad ; </subfield>
    <subfield code="v">33</subfield>
  </datafield>
  <datafield tag="611" ind1="0" ind2="4">
    <subfield code="a">Concilio Vaticano (</subfield>
    <subfield code="n">2&#xBA;. </subfield>
    <subfield code="d">1962-1965)</subfield>
    <subfield code="9">122</subfield>
  </datafield>
  <datafield tag="700" ind1="1" ind2=" ">
    <subfield code="a">S&#xE1;nchez Gil, Cecilio.</subfield>
    <subfield code="9">102671</subfield>
  </datafield>
  <datafield tag="830" ind1="0" ind2=" ">
    <subfield code="a">El Futuro de la Verdad ; </subfield>
    <subfield code="v">33</subfield>
    <subfield code="9">180936</subfield>
  </datafield>
  <datafield tag="852" ind1=" " ind2=" ">
    <subfield code="a">ES-MaACL</subfield>
    <subfield code="j">C-36262 </subfield>
    <subfield code="b">R.68980</subfield>
  </datafield>
  <datafield tag="999" ind1=" " ind2=" ">
    <subfield code="c">89810</subfield>
    <subfield code="d">89810</subfield>
  </datafield>
  <datafield tag="952" ind1=" " ind2=" ">
    <subfield code="0">0</subfield>
    <subfield code="1">0</subfield>
    <subfield code="4">0</subfield>
    <subfield code="7">0</subfield>
    <subfield code="a">ATENEOM</subfield>
    <subfield code="b">ATENEOM</subfield>
    <subfield code="c">DEPO2</subfield>
    <subfield code="d">2008-01-17</subfield>
    <subfield code="e">SC</subfield>
    <subfield code="l">0</subfield>
    <subfield code="o">C-36262</subfield>
    <subfield code="p">1093792</subfield>
    <subfield code="r">2023-02-23 00:00:00</subfield>
    <subfield code="w">2023-02-23</subfield>
    <subfield code="y">MONOGRAFIA</subfield>
  </datafield>
</record>
